000 00779nam a2200217Ii 4500
003 JO-AjNU
008 230605s9999||||xx |||||||||||||| ||und||
017 _a2006/7/1819
040 _aJO-AjNU
_bara
_erda
_cJO-AjNU
041 _aara
050 1 4 _aLB1051.B34 2008
100 3 _aالبكري:أمل مؤلف/عجوز،ناديا م.مشارك,
_eauthor
_929182
245 0 0 _aعلم النفس المدرسي
250 _aط1
264 3 1 _aعمان:المعتز للنشر والتوزيع،2008
300 _a267ص
336 _atext
_btxt
_2rdacontent
337 _aunmediated
_bn
_2rdamedia
338 _avolume
_bnc
_2rdacarrier
650 4 _aعلم النفس التربوي-الإرشاد النفسي. العلاج المعرفي-التوجيه التربوي
_929183
999 _aA11412
_c14980
_d14980